Cadernos História da pintura no Brasil. (Record no. 10979)
[ view plain ]
| 000 -CABECERA | |
|---|---|
| campo de control de longitud fija | 01216nam a22002537a 4500 |
| 001 - NÚMERO DE CONTROL | |
| campo de control | BRCA_9357 |
| 003 - IDENTIFICADOR DEL NÚMERO DE CONTROL | |
| campo de control | FranzMayer |
| 005 - FECHA Y HORA DE LA ÚLTIMA TRANSACCIÓN | |
| campo de control | 20230918122426.0 |
| 008 - DATOS DE LONGITUD FIJA--INFORMACIÓN GENERAL | |
| campo de control de longitud fija | 230828b |||||||| |||| 00| 0 eng d |
| 040 ## - FUENTE DE LA CATALOGACIÓN | |
| Centro catalogador/agencia de origen | MFM |
| Lengua de catalogación | esp |
| Centro/agencia transcriptor | MFM |
| 050 #0 - SIGNATURA TOPOGRÁFICA DE LA BIBLIOTECA DEL CONGRESO | |
| Número de clasificación | N6502.57.P67 |
| Número de documento/Ítem | I83 1993 |
| 110 1# - ENTRADA PRINCIPAL--NOMBRE DE ENTIDAD CORPORATIVA | |
| Código de función/relación | Responsable |
| Nombre de entidad corporativa o nombre de jurisdicción como elemento de entrada | Instituto Cultural Itaú |
| 9 (RLIN) | 29326 |
| 240 ## - TÍTULO UNIFORME | |
| Título uniforme | Cadernos História da pintura no Brasil. |
| Medio | Modernismo: Dedobramientos. Marcos históricos. |
| Lenguaje de la obra | Portugués |
| 245 0# - MENCIÓN DE TÍTULO | |
| Título | Cadernos História da pintura no Brasil. |
| Resto del título | Modernismo: Dedobramientos. Marcos históricos. |
| 260 ## - PUBLICACIÓN, DISTRIBUCIÓN, ETC. | |
| Lugar de publicación, distribución, etc. | Sao Paulo, Brasil |
| Nombre del editor, distribuidor, etc. | Instituto Cultural Itaú |
| Fecha de publicación, distribución, etc. | 1993 |
| 300 ## - DESCRIPCIÓN FÍSICA | |
| Extensión | 52 p |
| Otras características físicas | Ilustraciones a color |
| Dimensiones | 22 cm |
| 500 ## - NOTA GENERAL | |
| Nota general | Anexo 1 |
| 500 ## - NOTA GENERAL | |
| Nota general | El libro ya contiene datos de la biblioteca, como un librero en el que estaba ordenado o número de auditoria; pero no tenía registro en la base de datos. |
| 505 ## - NOTA DE CONTENIDO CON FORMATO | |
| Nota de contenido con formato | Texto en: portuguésIncluye índice temáticoIncluye bibliografíaDirigido a: artistas, estudiantes de arte e historiadores de arte. |
| 650 1# - PUNTO DE ACCESO ADICIONAL DE MATERIA--TÉRMINO DE MATERIA | |
| Fuente del encabezamiento o término | Artes visuales |
| Término de materia o nombre geográfico como elemento de entrada | Historia |
| Subdivisión de forma | America Latina |
| 9 (RLIN) | 29327 |
| 651 2# - PUNTO DE ACCESO ADICIONAL DE MATERIA--NOMBRE GEOGRÁFICO | |
| Fuente del encabezamiento o término | Movimientos del arte |
| Nombre geográfico | Modernismo |
| Subdivisión de forma | Brasil |
| 9 (RLIN) | 29328 |
| 710 1# - PUNTO DE ACCESO ADICIONAL--NOMBRE DE ENTIDAD CORPORATIVA | |
| Código de función/relación | Col |
| Nombre de entidad corporativa o nombre de jurisdicción como elemento de entrada | Banco de datos informatizado |
| 9 (RLIN) | 29329 |
| 942 ## - ELEMENTOS DE PUNTO DE ACCESO ADICIONAL (KOHA) | |
| Fuente del sistema de clasificación o colocación | Library of Congress Classification |
| Tipo de ítem Koha | Hemerográfico |
| Estado de retiro | Estado de pérdida | Fuente del sistema de clasificación o colocación | Estado dañado | No para préstamo | Código de colección | Localización permanente | Ubicación/localización actual | Fecha de adquisición | Total de préstamos | Signatura topográfica completa | Código de barras | Fecha visto por última vez | Precio válido a partir de | Tipo de ítem Koha |
|---|---|---|---|---|---|---|---|---|---|---|---|---|---|---|
| El ejemplar forma parte de la colección y puede ser consultado según las políticas vigentes. | Library of Congress Classification | Engargolados | Biblioteca del Museo Franz Mayer (Rogerio Casas-Alatriste) | Biblioteca del Museo Franz Mayer (Rogerio Casas-Alatriste) | 28/08/2023 | N6502.57.P67 I83 1993 | CONT10117 | 28/08/2023 | 28/08/2023 | Hemerográfico |